000 00821pam a2200265 i 4500
001 1825803
003 ARRUPE
005 20131129133825.0
008 800122s1980 nyu b 000 0 eng
010 _a 80010099
020 _a0916558126
040 _aDLC
_cDLC
_dDLC
050 0 0 _aTA157
_b.B343 1980
082 0 0 _a174/.962
100 1 _aBaum, Robert J.
_94451
245 1 0 _aEthics and engineering curricula /
_cRobert J. Baum.
260 _aHastings-on-Hudson, N.Y. :
_bHastings Center,
_cc1980.
300 _ax, 79 p. ;
_c23 cm.
490 1 _aThe Teaching of ethics ; 7
504 _aBibliography: p. 77-79.
650 0 _aEngineering ethics
_xStudy and teaching (Higher)
_94452
830 0 _aTeaching of ethics ;
_v7.
_94453
906 _a7
_bcbc
_corignew
_d1
_eocip
_f19
_gy-gencatlg
942 _2lcc
_cMONOGRAPH
999 _c118862
_d118862